REVIEW OF PREVENTIVE & SOCIAL MEDICINE ( INCLUDING BIOSTASTISTICS ) (Record no. 8239)

MARC details
000 -LEADER
fixed length control field 00484nam a22001817a 4500
005 - DATE AND TIME OF LATEST TRANSACTION
control field 20230403132027.0
008 - FIXED-LENGTH DATA ELEMENTS--GENERAL INFORMATION
fixed length control field 230328b |||||||| |||| 00| 0 eng d
020 ## - INTERNATIONAL STANDARD BOOK NUMBER
ISBN 978-93-5465-968-3
041 ## - LANGUAGE CODE
Language code of text/sound track or separate title eng
082 ## - DEWEY DECIMAL CLASSIFICATION NUMBER
Classification number 615 JAI-R
100 ## - MAIN ENTRY--AUTHOR NAME
Personal name JAIN, VIVEK
245 ## - TITLE STATEMENT
Title REVIEW OF PREVENTIVE & SOCIAL MEDICINE ( INCLUDING BIOSTASTISTICS )
250 ## - EDITION STATEMENT
Edition statement 14th ed.
260 ## - PUBLICATION, DISTRIBUTION, ETC. (IMPRINT)
Name of publisher JAYPEE BROTHERS
Year of publication 2022
300 ## - PHYSICAL DESCRIPTION
Number of Pages 815;P.
650 ## - SUBJECT ADDED ENTRY--TOPICAL TERM
Topical Term PHARMACY
General subdivision B.PHARMA
942 ## - ADDED ENTRY ELEMENTS (KOHA)
Koha item type Books
Holdings
Lost status Damaged status Collection code Home library Current library Shelving location Date acquired Source of acquisition Cost, normal purchase price Full call number Accession Number Koha item type
    Reference JRU Library JRU Library SHELF-19-G 23/03/2023 LOHIA BOOK INTERNATIONAL 1695.00 615 JAI-R 27562 Books
    PHARMACY JRU Library JRU Library SHELF-19-G 23/03/2023 LOHIA BOOK INTERNATIONAL 1695.00 615 JAI-R 27563 Books
    PHARMACY JRU Library JRU Library SHELF-19-G 23/03/2023 LOHIA BOOK INTERNATIONAL 1695.00 615 JAI-R 27564 Books